|
|
|
|
| LEADER |
00937nab a2200241 i 4500 |
| 001 |
misc65805 |
| 005 |
20230629130749.0 |
| 008 |
230517s1966 hu o 0|| eng d |
| 040 |
|
|
|a SZTE Miscellanea Repozitórium
|b hun
|
| 041 |
|
|
|a eng
|
| 041 |
|
|
|a tib
|
| 100 |
1 |
|
|a Uray Géza
|
| 245 |
1 |
0 |
|a 'Greṅ, the alleged Old Tibetan equivalent of the ethnic name Ch'iang
|h [elektronikus dokumentum] /
|c Uray Géza
|
| 260 |
|
|
|c 1966
|
| 300 |
|
|
|a 245-256
|c 24 cm
|
| 300 |
|
|
|a [12] p.
|c 24 cm
|
| 490 |
0 |
|
|a Acta Orientalia Academiae Scientiarum Hungaricae;Acta Orientalia Academiae Scientiarum Hungaricae : a Magyar Tudományos Akadémia orientalisztikai közleményei
|
| 561 |
|
|
|a Németh Gyula hagyaték
|
| 591 |
|
|
|a NOT 6257; LOT 4093; ROT 792
|
| 650 |
|
4 |
|a Bölcsészettudományok
|
| 650 |
|
4 |
|a Nyelvek és irodalom
|
| 695 |
|
|
|a Tibeti nyelv - etimológia
|
| 856 |
4 |
0 |
|u http://misc.bibl.u-szeged.hu/65805/1/6257_not.pdf
|z Dokumentum-elérés
|